The treasures of Map Collection : exhibition catalogue : 7th May - 31st July 2014, [Map Collection, Charles University Faculty of Science] /

Korporativní autor: Univerzita Karlova. Mapová sbírka
Další autoři: Novotná, Eva, 1965-, Tröglová Sejtková, Mirka, Chrást, Josef, 1988-
Jazyk: Angličtina
Vydáno: Prague : Charles University in Prague, Faculty of Science, Map Collection, 2014
Vydání: Ed. 1st
Témata:
Externí odkaz: Digitalizovaný dokument
Fyzický popis: 105 s. : il. (převážně barev.), mapy, faksim. ; 30 cm
Knihy
Uloženo v:
LEADER 01963nam a2200469 a 4500
001 nkc20142586312
003 CZ PrNK
005 20140611145913.0
007 ta
008 140423s2014 xr abh e c 000 0 eng
020 |a 978-80-7444-026-7  |q (brož.) 
040 |a BOA001  |b cze 
043 |a e-xr--- 
072 7 |a 912  |x Mapy. Atlasy. Glóby  |2 Konspekt  |9 7 
080 |a 912.43:904  |2 MRF 
080 |a 912.43:069.5  |2 MRF 
080 |a (437.3)  |2 MRF 
080 |a (083.824)  |2 MRF 
245 0 4 |a The treasures of Map Collection :  |b exhibition catalogue : 7th May - 31st July 2014, [Map Collection, Charles University Faculty of Science] /  |c Eva Novotná, Mirka Tröglová Sejtková, Josef Chrást 
250 |a Ed. 1st 
260 |a Prague :  |b Charles University in Prague, Faculty of Science, Map Collection,  |c 2014 
300 |a 105 s. :  |b il. (převážně barev.), mapy, faksim. ;  |c 30 cm 
500 |a 300 výt. 
504 |a Obsahuje bibliografie 
610 2 7 |a Univerzita Karlova.  |b Mapová sbírka  |7 uk2008347234  |2 czenas 
650 0 7 |a staré mapy  |7 ph702684  |2 czenas 
650 0 7 |a mapové sbírky  |7 ph182407  |z Česko  |2 czenas 
650 0 9 |a old maps  |2 eczenas 
650 0 9 |a map collections  |z Czechia  |2 eczenas 
655 7 |a katalogy výstav  |7 fd132536  |2 czenas 
655 9 |a exhibition catalogs  |2 eczenas 
700 1 |a Novotná, Eva,  |d 1965-  |7 xx0032628  |4 wfw 
700 1 |a Tröglová Sejtková, Mirka  |7 mzk2014820734  |4 wfw 
700 1 |a Chrást, Josef,  |d 1988-  |7 mzk2014820742  |4 wfw 
710 2 |a Univerzita Karlova.  |b Mapová sbírka  |7 uk2008347234 
856 4 1 |u http://www.digitalniknihovna.cz/mzk/uuid/uuid:06549150-b82f-11e9-8fdf-005056827e52  |y Digitalizovaný dokument  |x NDK 
910 2 |a BOA001  |b 4-1320.425 
928 9 |a Univerzita Karlova v Praze, Přírodovědecká fakulta, Mapová sbírka 
990 |a BK 
995 |a 11 
991 |b 201406  |c NOV  |e n 
996 6 |b 2610582329  |c 4-1320.425  |l MZK  |r Sklad / do 1 hodiny  |n 0  |p p.v.  |w 001421584  |u 000010  |a 1  |e BOA001  |j MZK50  |s P